000 00265nam a22001217a 4500
082 _a823
_bTHO/M
100 _aHARDY, THOMAS
245 _aTHE MAYOR OF CASTERBRIDGE
260 _aMADRAS
_bOXFORD
_c1982
300 _a367
650 _aENGLISH STORY
_zINDIA
942 _cBK
999 _c7282
_d7282